| 000 | 00659nam a2200241 a 4500 | ||
|---|---|---|---|
| 001 | nice12345678 | ||
| 003 | IN_TiNIC | ||
| 005 | 20260116011343.0 | ||
| 008 | 050524s1861 hyda grp 000 0 ara | ||
| 020 |
_a _c100 |
||
| 082 | 0 | 0 |
_a297.33 _bAHM |
| 100 | _aAhmed, Shaikh Shahabuddin | ||
| 245 | _aKitabul Fawaid Was-Salawatah-Wal-Awaid | ||
| 260 |
_aHyderabad _bInst.Of Indo-Middle East Cultural Studie _c1861 |
||
| 300 | _a446p | ||
| 500 | _aincludes index and biblioraphy | ||
| 505 | 2 | _a12 Volumes in Bounded in Six Volumes | |
| 650 | _aOccultism-Islam | ||
| 700 | 1 | _aAhmed, Shaikh Shahabuddin | |
| 902 | _bRHR | ||
| 942 | _cBK | ||
| 999 |
_c783 _d783 |
||